Home survey standard 2nd edition draft professional standard (Record no. 122204)

MARC details
000 -LEADER
fixed length control field 01781nam a22002417a 4500
005 - DATE AND TIME OF LATEST TRANSACTION
control field 20250826133016.0
008 - FIXED-LENGTH DATA ELEMENTS--GENERAL INFORMATION
fixed length control field 250826t2025 xxk|||||o|||| 00| 0 eng d
041 ## - LANGUAGE CODE
Language code of text/sound track or separate title eng
110 ## - MAIN ENTRY--CORPORATE NAME
Corporate author Royal Institution of Chartered Surveyors
245 ## - TITLE STATEMENT
Title Home survey standard 2nd edition draft professional standard
260 ## - PUBLICATION INFORMATION
Place of publication London,
Publisher Royal Institution of Chartered Surveyors,
Date 2025
300 ## - PHYSICAL DESCRIPTION
Physical description 47p
520 ## - ABSTRACT
Abstract Over 325 RICS professionals shared their feedback in a 2024 member survey, which focused on the effectiveness of the current standard, as well as suggestions for improvement. In parallel, a UK-wide consumer survey of more than 1,400 homeowners was carried out to capture public views and expectations around home surveys.<br/><br/>The findings from both surveys have informed the draft of an updated standard, which is now subject to formal consultation and opened on 19th August 2025 and closes on 30 September 2025. <br/>There is a separate consultation on the potential development of a home survey reglation scheme aimed at further supporting public trust and professional consistency in the market.
650 ## - KEYWORDS
Keywords HOME SURVEYS
650 ## - KEYWORDS
Keywords RESIDENTIAL PROPERTY
651 ## - SUBJECT ADDED ENTRY--GEOGRAPHIC NAME
Geographic name England
690 ## - BROAD SUBJECT
9 (RLIN) 6270
Broad subject Survey reports
856 ## - ONLINE RESOURCE
Uniform Resource Identifier <a href="https://consultations.rics.org/homesurveys/consultationHome">https://consultations.rics.org/homesurveys/consultationHome</a>
Public note RICS iconsult overview page for Home Survey Standard
856 ## - ONLINE RESOURCE
Uniform Resource Identifier <a href="https://consultations.rics.org/homesurveys/view?objectID=257424677">https://consultations.rics.org/homesurveys/view?objectID=257424677</a>
Public note Draft Home Survey Standard 2nd edition
856 ## - ONLINE RESOURCE
Uniform Resource Identifier <a href="https://consultations.rics.org/homesurveys/view?objectID=257429957">https://consultations.rics.org/homesurveys/view?objectID=257429957</a>
Public note Red line version of the Draft Home Survey Standard 2nd edition
856 ## - ONLINE RESOURCE
Uniform Resource Identifier <a href="https://consultations.rics.org/homesurveys/view?objectID=255903333">https://consultations.rics.org/homesurveys/view?objectID=255903333</a>
Public note Home Surveys Regulatory scheme draft proposal
942 ## - ADDED ENTRY ELEMENTS (KOHA)
Suppress in OPAC Do not suppress in OPAC
Holdings
Lost status Damaged status Not for loan Home library Current library Shelving location Date acquired Total Checkouts Full call number Date last seen Price effective from Koha item type
      Virtual Virtual Online 26/08/2025   isurv 26/08/2025 26/08/2025 Online material